| 000 | 01130pam a2200301 a 4500 | ||
|---|---|---|---|
| 001 | 4886713 | ||
| 003 | OSt | ||
| 005 | 20240628123336.0 | ||
| 008 | 930708s1993 dcub b 001 0 eng | ||
| 010 | _a 93005812 | ||
| 020 |
_a0815718268 : _c$26.95 (alk. paper) |
||
| 020 |
_a081571825X (pbk. : alk. paper) : _c9.95 |
||
| 040 | _cmust | ||
| 050 | 0 | 0 |
_aHV640 _b.D46 1993 |
| 082 | 0 | 0 |
_a362.87 DEN 1993 _220 |
| 100 | 1 |
_aDeng, Francis Mading, _d1938- _92417 |
|
| 245 | 1 | 0 |
_aProtecting the dispossessed : _ba challenge for the international community / _cFrancis M. Deng. |
| 260 |
_aWashington, D.C. : _bBrookings Institution, _cc1993. |
||
| 300 |
_axii, 175 p. : _bmaps ; _c24 cm. |
||
| 490 | 1 | _aA Brookings occasional paper | |
| 504 | _aIncludes bibliographical references and index. | ||
| 650 | 0 |
_aRefugees. _91772 |
|
| 650 | 0 |
_aRefugees _xGovernment policy. _91512 |
|
| 830 | 0 |
_aBrookings occasional papers _918347 |
|
| 906 |
_a7 _bcbc _corignew _d1 _eocip _f19 _gy-gencatlg |
||
| 942 |
_2ddc _cO_SHELF |
||
| 999 |
_c9023 _d9023 |
||